[Event "Rilton Cup 51st"]
[Site "Stockholm"]
[Date "2023.12.27"]
[Round "1"]
[White "Welling, Gerard J"]
[Black "Oratovsky, Michael"]
[Result "1/2-1/2"]
[WhiteElo "2229"]
[BlackElo "2421"]
[PlyCount "109"]
[EventDate "2023.12.27"]
[EventType "swiss"]
[EventRounds "9"]
[EventCountry "SWE"]
[SourceTitle "CB02_2024"]
[SourceDate "2024.01.10"]
[SourceVersion "1"]
[SourceVersionDate "2024.01.10"]
[SourceQuality "1"]

1. d4 Nf6 2. e3 d6 3. Nf3 g6 4. b3 Bg7 5. Bb2 0-0 6. Be2 c5 7. dxc5 dxc5 8. 0-0 Nc6 9. c4 Qxd1 10. Rxd1 Bf5 11. Nbd2 Rfd8 12. a3 a5 13. Bc3 Ne4 14. Nxe4 Bxe4 15. Bxg7 Kxg7 16. Rxd8 Rxd8 17. Rd1 Ra8 18. Nd2 Bc2 19. Rc1 Bf5 20. Kf1 Rd8 21. Ke1 g5 22. Rc3 b6 23. Bd1 Ne5 24. Bc2 Bxc2 25. Rxc2 g4 26. Ke2 Rd6 27. Rc1 f5 28. Rb1 Nd3 29. f4 e5 30. fxe5 Nxe5 31. Rf1 Kg6 32. e4 fxe4 33. Rf4 h5 34. Rxe4 Kf5 35. Re3 Rd4 36. a4 Ng6 37. g3 Ne5 38. Rc3 Rd8 39. Nf1 Nf3 40. Kf2 Nd2 41. Ne3+ Ke5 42. Ke2 Ne4 43. Rd3 Rxd3 44. Kxd3 Ng5 45. Nd5 Nf3 46. Nxb6 Nxh2 47. Nd7+ Kd6 48. Nf6 Ke5 49. Nxh5 Nf3 50. Nf4 Nd4 51. Ke3 Nf5+ 52. Kf2 Nd6 53. Ke3 Nf5+ 54. Kf2 Nd6 55. Ke3 1/2-1/2

[Event "ISR-chT"]
[Site "Israel"]
[Date "2023.05.06"]
[Round "10.6"]
[White "Steinberg, Nitzan"]
[Black "Oratovsky, Michael"]
[Result "1-0"]
[WhiteElo "2537"]
[BlackElo "2422"]
[PlyCount "59"]
[EventDate "2023.01.11"]
[EventType "team-tourn"]
[EventRounds "11"]
[EventCountry "ISR"]
[SourceTitle "EXT 2024"]
[Source "ChessBase"]
[SourceDate "2023.10.10"]
[SourceVersion "1"]
[SourceVersionDate "2023.10.10"]
[SourceQuality "1"]
[WhiteTeam "Beer Sheva"]
[BlackTeam "Rishon Le Zion"]
[WhiteTeamCountry "ISR"]
[BlackTeamCountry "ISR"]

1. e4 c5 2. Nf3 e6 3. d4 cxd4 4. Nxd4 a6 5. Be2 b5 6. 0-0 Bb7 7. Bf3 Ne7 8. a4 b4 9. Nd2 Qc7 10. e5 Nd5 11. Re1 d6 12. exd6 Bxd6 13. Ne4 Be7 14. Ng5 Bxg5 15. Nxe6 fxe6 16. Rxe6+ Be7 17. Bxd5 Nd7 18. Bg5 Nf6 19. Bxf6 gxf6 20. Qh5+ Kd8 21. Qf5 Ra7 22. Bxb7 Qxb7 23. Rd1+ Ke8 24. Rde1 Kf7 25. Rxe7+ Qxe7 26. Rxe7+ Rxe7 27. Qh5+ Kf8 28. g3 Rc7 29. Qa5 Rxc2 30. Qxb4+ 1-0

[Event "ISR-chT"]
[Site "Israel"]
[Date "2023.01.20"]
[Round "3.5"]
[White "Bakalchuk, Johnatan"]
[Black "Oratovsky, Michael"]
[Result "1-0"]
[WhiteElo "2442"]
[BlackElo "2422"]
[PlyCount "133"]
[EventDate "2023.01.11"]
[EventType "team-tourn"]
[EventRounds "11"]
[EventCountry "ISR"]
[SourceTitle "CBM 212 Extra"]
[Source "ChessBase"]
[SourceDate "2023.03.31"]
[SourceVersion "1"]
[SourceVersionDate "2023.03.31"]
[SourceQuality "1"]
[WhiteTeam "Ramat Gan II"]
[BlackTeam "Rishon Le Zion"]
[WhiteTeamCountry "ISR"]
[BlackTeamCountry "ISR"]

1. c4 e5 2. g3 c6 3. a3 Nf6 4. Bg2 d5 5. cxd5 cxd5 6. d4 e4 7. Nc3 Bd6 8. Bg5 Nbd7 9. Qa4 Qb6 10. Qb5 Qxb5 11. Nxb5 Bb8 12. Rc1 0-0 13. Nc7 Bxc7 14. Rxc7 h6 15. Bd2 Nb8 16. Rc2 Nc6 17. e3 Bd7 18. Ne2 Rac8 19. Rc1 b6 20. 0-0 Rfd8 21. h3 h5 22. h4 Kf8 23. Rc3 Ne7 24. Ra1 Rxc3 25. Nxc3 Nc6 26. Nb5 Ne8 27. Bf1 Ke7 28. a4 Ke6 29. Rc1 a6 30. Na3 Ra8 31. b3 Nd6 32. Nb1 b5 33. axb5 axb5 34. Nc3 Ne7 35. Ne2 Ng6 36. Bb4 Ra2 37. Nc3 Rb2 38. Bxd6 Kxd6 39. Nxb5+ Bxb5 40. Bxb5 Ne7 41. Ba4 f6 42. Rc5 Rb1+ 43. Kg2 Rb2 44. Kf1 Rb1+ 45. Ke2 Rb2+ 46. Ke1 g5 47. Ra5 gxh4 48. Ra6+ Kc7 49. gxh4 Nf5 50. Be8 Rb1+ 51. Kd2 Rb2+ 52. Kc1 Rxf2 53. Rxf6 Rf1+ 54. Kb2 Kd8 55. Bg6 Nxe3 56. Rxf1 Nxf1 57. Bxh5 Ng3 58. Bg4 e3 59. Kc2 Ne4 60. Bf3 Nd6 61. Kd3 Nf5 62. h5 Ke7 63. b4 Kd6 64. b5 Kc7 65. Bg4 Nh6 66. Be6 Kd6 67. b6 1-0

[Event "Rilton Cup 50th"]
[Site "Stockholm"]
[Date "2022.12.31"]
[Round "5"]
[White "Shaik, Sumer Arsh"]
[Black "Oratovsky, Michael"]
[Result "0-1"]
[WhiteElo "2290"]
[BlackElo "2422"]
[PlyCount "82"]
[EventDate "2022.12.27"]
[EventType "swiss"]
[EventRounds "9"]
[EventCountry "SWE"]
[SourceTitle "CBM 212 Extra"]
[Source "ChessBase"]
[SourceDate "2023.03.31"]
[SourceVersion "1"]
[SourceVersionDate "2023.03.31"]
[SourceQuality "1"]

1. Nf3 d6 2. d4 Nf6 3. g3 g6 4. Bg2 Bg7 5. 0-0 0-0 6. c4 c6 7. Nc3 Bf5 8. Ne1 e5 9. d5 cxd5 10. cxd5 a5 11. e4 Bd7 12. a4 Na6 13. Nc2 Rc8 14. Na3 Ne8 15. Bd2 f5 16. b3 Nc5 17. Nc4 b6 18. Be3 f4 19. Bxc5 Rxc5 20. Rc1 h5 21. Rc2 Bh6 22. f3 fxg3 23. hxg3 h4 24. g4 Bf4 25. Ne2 Bg5 26. Qd3 Kg7 27. Na3 Rxc2 28. Nxc2 b5 29. Bh3 Qb6+ 30. Kg2 bxa4 31. bxa4 Bxa4 32. Na3 Nf6 33. Rb1 Qc5 34. Nc3 Qxa3 35. Qc4 Bd7 36. Rb7 Rf7 37. Ne2 Qe3 38. Rb3 Qa7 39. Nc3 Be8 40. Nb5 Bxb5 41. Qxb5 Rc7 0-1

[Event "Rilton Cup 50th"]
[Site "Stockholm"]
[Date "2022.12.29"]
[Round "3"]
[White "Livaic, Leon"]
[Black "Oratovsky, Michael"]
[Result "1-0"]
[WhiteElo "2572"]
[BlackElo "2422"]
[PlyCount "93"]
[EventDate "2022.12.27"]
[EventType "swiss"]
[EventRounds "9"]
[EventCountry "SWE"]
[SourceTitle "CBM 212 Extra"]
[Source "ChessBase"]
[SourceDate "2023.03.31"]
[SourceVersion "1"]
[SourceVersionDate "2023.03.31"]
[SourceQuality "1"]

1. d4 Nf6 2. Nc3 d5 3. Bf4 e6 4. Nb5 Na6 5. e3 c6 6. Nc3 Qb6 7. a3 c5 8. Nf3 Bd7 9. Rb1 Be7 10. Ne5 0-0 11. Bg5 Nb8 12. Ng4 Qd8 13. Nxf6+ Bxf6 14. Bxf6 Qxf6 15. dxc5 Rc8 16. Qd4 Qe7 17. b4 b6 18. cxb6 axb6 19. Rb3 Nc6 20. Qd2 Ne5 21. Bd3 Qg5 22. f4 Qh4+ 23. Qf2 Nxd3+ 24. cxd3 Qf6 25. Qd2 d4 26. Ne4 Qh4+ 27. g3 dxe3 28. gxh4 exd2+ 29. Kxd2 Ba4 30. Rc3 Rd8 31. Ke3 Bb5 32. Nd2 h6 33. Nc4 Rab8 34. Ra1 Rd5 35. a4 Be8 36. a5 bxa5 37. bxa5 Ra8 38. a6 Ra7 39. Rca3 Bb5 40. Ra5 Rh5 41. Nd6 Rxa6 42. Rxa6 Bxa6 43. Rxa6 f6 44. Ra8+ Kh7 45. Ra7 Rxh4 46. Ne8 Rh3+ 47. Ke4 1-0

[Event "Rilton Cup 50th"]
[Site "Stockholm"]
[Date "2022.12.28"]
[Round "2"]
[White "Oratovsky, Michael"]
[Black "Adithya, A Chullikkad"]
[Result "1/2-1/2"]
[WhiteElo "2422"]
[BlackElo "2206"]
[PlyCount "38"]
[EventDate "2022.12.27"]
[EventType "swiss"]
[EventRounds "9"]
[EventCountry "SWE"]
[SourceTitle "CBM 212 Extra"]
[Source "ChessBase"]
[SourceDate "2023.03.31"]
[SourceVersion "1"]
[SourceVersionDate "2023.03.31"]
[SourceQuality "1"]

1. e4 c5 2. Nf3 d6 3. Bb5+ Nd7 4. 0-0 a6 5. Bd3 Ngf6 6. Re1 b5 7. c4 b4 8. a3 bxa3 9. Rxa3 g6 10. Bf1 Bg7 11. d4 cxd4 12. Nxd4 0-0 13. Nc6 Qe8 14. Nc3 Nb8 15. e5 dxe5 16. Nxe5 Nc6 17. Nxc6 Qxc6 18. Nd5 Nxd5 19. cxd5 Qd6 1/2-1/2

[Event "Rilton Cup 50th"]
[Site "Stockholm"]
[Date "2022.12.27"]
[Round "1"]
[White "Rakshitta, Ravi"]
[Black "Oratovsky, Michael"]
[Result "0-1"]
[WhiteElo "2242"]
[BlackElo "2422"]
[PlyCount "100"]
[EventDate "2022.12.27"]
[EventType "swiss"]
[EventRounds "9"]
[EventCountry "SWE"]
[SourceTitle "CBM 212 Extra"]
[Source "ChessBase"]
[SourceDate "2023.03.31"]
[SourceVersion "1"]
[SourceVersionDate "2023.03.31"]
[SourceQuality "1"]

1. Nf3 c5 2. c4 Nc6 3. d4 cxd4 4. Nxd4 g6 5. e4 Nf6 6. Nc3 d6 7. Be2 Nxd4 8. Qxd4 Bg7 9. Be3 0-0 10. Qd2 a5 11. f3 a4 12. 0-0 Qa5 13. Rab1 Be6 14. Nd5 Qxd2 15. Nxe7+ Kh8 16. Bxd2 Rfe8 17. Nd5 Nxd5 18. cxd5 Bxd5 19. b3 axb3 20. axb3 Ra2 21. Rfd1 f5 22. Bb5 Bc6 23. Bxc6 bxc6 24. Bf4 fxe4 25. Rxd6 exf3 26. gxf3 c5 27. Rd2 Rxd2 28. Bxd2 Re2 29. Bf4 Bd4+ 30. Kh1 Kg7 31. Rc1 Re6 32. Bd2 Rb6 33. Rb1 c4 34. b4 c3 35. Bf4 c2 36. Rc1 Rc6 37. b5 Rc4 38. Rf1 Rb4 39. Rc1 Rc4 40. Rf1 Kf6 41. Kg2 Kf5 42. Bd2 Bb6 43. Rc1 Bc5 44. h3 Ba3 45. Ra1 c1Q 46. Bxc1 Bxc1 47. b6 Rc2+ 48. Kg3 Bf4+ 49. Kh4 Rc4 50. Ra5+ Kf6 0-1

[Event "POR-chT"]
[Site "Ovar"]
[Date "2022.07.20"]
[Round "7.3"]
[White "Oratovsky, Michael"]
[Black "Larkin, Vladislav"]
[Result "1/2-1/2"]
[WhiteElo "2431"]
[BlackElo "2455"]
[PlyCount "27"]
[EventDate "2022.07.16"]
[EventType "team-tourn"]
[EventRounds "9"]
[EventCountry "POR"]
[SourceTitle "CBM 209 Extra"]
[Source "ChessBase"]
[SourceDate "2022.09.30"]
[SourceVersion "1"]
[SourceVersionDate "2022.09.30"]
[SourceQuality "1"]
[WhiteTeam "Assembleia Figueirense"]
[BlackTeam "Estrelas S Joao de Brito"]
[WhiteTeamCountry "POR"]
[BlackTeamCountry "POR"]

1. e4 c6 2. d4 d5 3. Nd2 dxe4 4. Nxe4 Nf6 5. Nxf6+ exf6 6. c3 Bd6 7. Bd3 Na6 8. Ne2 Nc7 9. 0-0 h5 10. Re1 Kf8 11. c4 h4 12. h3 g5 13. Nc3 f5 14. d5 1/2-1/2

[Event "Catalunya-chT Gp2"]
[Site "Barcelona"]
[Date "2022.01.22"]
[Round "1.2"]
[White "Oratovsky, Michael"]
[Black "Boix Moreno, Daniel"]
[Result "1-0"]
[WhiteElo "2412"]
[BlackElo "2305"]
[PlyCount "83"]
[EventDate "2022.01.22"]
[EventType "team-tourn"]
[EventRounds "9"]
[EventCountry "ESP"]
[SourceTitle "CBM 206 Extra"]
[Source "ChessBase"]
[SourceDate "2022.03.31"]
[SourceVersion "1"]
[SourceVersionDate "2022.03.31"]
[SourceQuality "1"]
[WhiteTeam "Salauris"]
[BlackTeam "Tres Peons"]
[WhiteTeamCountry "ESP"]
[BlackTeamCountry "ESP"]

1. e4 c5 2. Nf3 e6 3. g3 d5 4. exd5 exd5 5. d4 cxd4 6. Nxd4 Nc6 7. Be3 Nf6 8. h3 Bd6 9. Bg2 0-0 10. 0-0 Re8 11. Re1 Be5 12. c3 Bxd4 13. cxd4 Bf5 14. Nc3 Ne4 15. Qb3 Nxc3 16. bxc3 Be4 17. Qxb7 Na5 18. Qb5 Qb6 19. a4 Qd8 20. Bf4 a6 21. Qb4 Bxg2 22. Kxg2 Rxe1 23. Rxe1 Nc6 24. Qb7 Na5 25. Qe7 Nc4 26. Qb7 Na5 27. Qe7 Nc4 28. Qxd8+ Rxd8 29. Re7 h6 30. Ra7 g5 31. Be5 Nxe5 32. dxe5 Rc8 33. Rxa6 Kg7 34. Ra5 Rxc3 35. Rxd5 Ra3 36. a5 Kf8 37. f4 Ke7 38. f5 Ra2+ 39. Kf3 h5 40. Rb5 Ra3+ 41. Ke4 Rxg3 42. Rb7+ 1-0

[Event "Barbera del Valles 1st"]
[Site "Barbera del Valles"]
[Date "2020.11.28"]
[Round "9"]
[White "Oratovsky, Michael"]
[Black "Peralta, Fernando"]
[Result "1/2-1/2"]
[WhiteElo "2414"]
[BlackElo "2586"]
[PlyCount "40"]
[EventDate "2020.11.20"]
[EventType "tourn"]
[EventRounds "9"]
[EventCountry "ESP"]
[EventCategory "12"]
[SourceTitle "CBM 199 Extra"]
[Source "ChessBase"]
[SourceDate "2021.01.31"]
[SourceVersion "1"]
[SourceVersionDate "2021.01.31"]
[SourceQuality "1"]

1. e4 e6 2. d4 d5 3. Nd2 c5 4. Ngf3 cxd4 5. Nxd4 Nc6 6. Bb5 Bd7 7. Nxc6 bxc6 8. Bd3 Qc7 9. Qe2 Ne7 10. Nf3 Ng6 11. 0-0 Be7 12. g3 0-0 13. h4 Bd6 14. h5 Ne5 15. Nxe5 Bxe5 16. c3 f5 17. exf5 exf5 18. f4 Bd6 19. Be3 c5 20. Qf2 Rab8 1/2-1/2

[Event "Barbera del Valles 1st"]
[Site "Barbera del Valles"]
[Date "2020.11.24"]
[Round "5"]
[White "Cheparinov, Ivan"]
[Black "Oratovsky, Michael"]
[Result "1/2-1/2"]
[WhiteElo "2688"]
[BlackElo "2414"]
[PlyCount "62"]
[EventDate "2020.11.20"]
[EventType "tourn"]
[EventRounds "9"]
[EventCountry "ESP"]
[EventCategory "12"]
[SourceTitle "CBM 199 Extra"]
[Source "ChessBase"]
[SourceDate "2021.01.31"]
[SourceVersion "1"]
[SourceVersionDate "2021.01.31"]
[SourceQuality "1"]

1. e4 d6 2. d4 Nf6 3. Nc3 e5 4. Nf3 Nbd7 5. Rg1 g6 6. g4 Bg7 7. g5 Nh5 8. Be3 0-0 9. Qd2 Nb6 10. a4 f5 11. exf5 Bxf5 12. a5 Nd7 13. dxe5 Nxe5 14. Nxe5 Bxe5 15. Bc4+ Kh8 16. Bd4 c6 17. 0-0-0 Qxa5 18. f4 Bg7 19. Bxg7+ Nxg7 20. Qxd6 Rad8 21. Qe7 Rde8 22. Qd6 Rd8 23. Qa3 Qxa3 24. bxa3 Nh5 25. Rxd8 Rxd8 26. Re1 Nxf4 27. Re7 b5 28. Bb3 Nh3 29. Be6 Nxg5 30. Bxf5 gxf5 31. h4 Ne4 1/2-1/2

[Event "Barbera del Valles 1st"]
[Site "Barbera del Valles"]
[Date "2020.11.21"]
[Round "2"]
[White "Oratovsky, Michael"]
[Black "Studer, Noel"]
[Result "0-1"]
[WhiteElo "2414"]
[BlackElo "2582"]
[PlyCount "62"]
[EventDate "2020.11.20"]
[EventType "tourn"]
[EventRounds "9"]
[EventCountry "ESP"]
[EventCategory "12"]
[SourceTitle "CBM 199 Extra"]
[Source "ChessBase"]
[SourceDate "2021.01.31"]
[SourceVersion "1"]
[SourceVersionDate "2021.01.31"]
[SourceQuality "1"]

1. e4 e5 2. Bc4 Nf6 3. d3 c6 4. Nf3 d5 5. Bb3 a5 6. a4 Bb4+ 7. c3 Bd6 8. exd5 cxd5 9. Bg5 Be6 10. Na3 Nc6 11. Nb5 Bb8 12. d4 e4 13. Nd2 h6 14. Bh4 g5 15. Bg3 Bf4 16. Nf1 Qe7 17. Bxf4 gxf4 18. Qd2 e3 19. fxe3 Ne4 20. Qe2 Rg8 21. exf4 0-0-0 22. Ne3 Qh4+ 23. g3 Nxg3 24. Qf2 Qh3 25. 0-0-0 Nxh1 26. Rxh1 Ne7 27. Bc2 Nf5 28. Re1 Nxe3 29. Rxe3 Rg2 30. Rxh3 Rxf2 31. f5 Rxc2+ 0-1

[Event "Barbera del Valles 1st"]
[Site "Barbera del Valles"]
[Date "2020.11.20"]
[Round "1"]
[White "Alsina Leal, Daniel"]
[Black "Oratovsky, Michael"]
[Result "1/2-1/2"]
[WhiteElo "2498"]
[BlackElo "2414"]
[PlyCount "139"]
[EventDate "2020.11.20"]
[EventType "tourn"]
[EventRounds "9"]
[EventCountry "ESP"]
[EventCategory "12"]
[SourceTitle "CBM 199 Extra"]
[Source "ChessBase"]
[SourceDate "2021.01.31"]
[SourceVersion "1"]
[SourceVersionDate "2021.01.31"]
[SourceQuality "1"]

1. e4 c5 2. Nf3 e6 3. d4 cxd4 4. Nxd4 a6 5. c4 Nf6 6. Nc3 Bb4 7. Qd3 0-0 8. e5 Ne8 9. Bf4 d6 10. exd6 Bxd6 11. Bxd6 Qxd6 12. 0-0-0 Nd7 13. Qg3 Qc5 14. Be2 Ndf6 15. Nb3 Qe7 16. Qe3 b5 17. Qc5 Qxc5 18. Nxc5 bxc4 19. Bxc4 Nc7 20. Rd6 Ng4 21. Be2 Ne5 22. b3 f6 23. Kb2 Nf7 24. Rc6 Ra7 25. Rd1 Re8 26. f4 Kf8 27. Bc4 Ke7 28. Rd2 Rd8 29. Re2 Rd6 30. Rxd6 Nxd6 31. Bd3 Kf7 32. Rd2 Nb7 33. N5a4 Nd5 34. Nxd5 exd5 35. Nb6 Nd6 36. Nxd5 Be6 37. Nb4 Rd7 38. Rc2 a5 39. Na6 Nb7 40. Rc7 Ke7 41. Rxd7+ Bxd7 42. Bxh7 Bb5 43. Nc7 Bc6 44. g3 Kd6 45. Na8 Kc5 46. Bg6 Nd6 47. Nc7 Bd7 48. Bd3 Kc6 49. Na6 Bc8 50. b4 Bxa6 51. Bxa6 axb4 52. Kc2 Ne4 53. Bc8 Nc5 54. Kd2 Kd5 55. Ke3 b3 56. axb3 Nxb3 57. h4 Nc5 58. g4 Na4 59. Bf5 Nb6 60. Be4+ Kd6 61. Kd4 Nc8 62. g5 Ke7 63. g6 Ke6 64. f5+ Kd6 65. h5 Ne7 66. Bc2 Ng8 67. Bb3 Nh6 68. Be6 Ng4 69. Bb3 Nh6 70. Be6 1/2-1/2

[Event "POR-chT"]
[Site "Penafiel"]
[Date "2020.08.23"]
[Round "3.3"]
[White "Veiga, Jose Francisco RP"]
[Black "Oratovsky, Michael"]
[Result "1/2-1/2"]
[WhiteElo "2322"]
[BlackElo "2411"]
[PlyCount "33"]
[EventDate "2020.08.22"]
[EventType "team-tourn"]
[EventRounds "9"]
[EventCountry "POR"]
[SourceTitle "CBM 198 Extra"]
[Source "ChessBase"]
[SourceDate "2020.11.30"]
[SourceVersion "1"]
[SourceVersionDate "2020.11.30"]
[SourceQuality "1"]
[WhiteTeam "Montemor o Novo"]
[BlackTeam "Assembleia Figueirense"]
[WhiteTeamCountry "POR"]
[BlackTeamCountry "POR"]

1. e4 d6 2. d4 Nf6 3. Nc3 e5 4. Nf3 Nbd7 5. Bc4 Be7 6. 0-0 0-0 7. Re1 c6 8. a4 exd4 9. Qxd4 Ne5 10. Be2 Nfg4 11. Bf4 Bf6 12. Nxe5 Bxe5 13. Bxe5 dxe5 14. Qxd8 Rxd8 15. Bxg4 Bxg4 16. f3 Be6 17. Red1 1/2-1/2

[Event "Catalunya-chT Gp2"]
[Site "Barcelona"]
[Date "2020.02.22"]
[Round "6.2"]
[White "Oratovsky, Michael"]
[Black "Fantinel, Thibault"]
[Result "1/2-1/2"]
[WhiteElo "2434"]
[BlackElo "2385"]
[PlyCount "29"]
[EventDate "2020.01.18"]
[EventType "team-tourn"]
[EventRounds "7"]
[EventCountry "ESP"]
[SourceTitle "CBM 195 Extra"]
[Source "ChessBase"]
[SourceDate "2020.05.31"]
[SourceVersion "1"]
[SourceVersionDate "2020.05.31"]
[SourceQuality "1"]
[WhiteTeam "Salauris"]
[BlackTeam "Barcelona Escacs CC"]
[WhiteTeamCountry "ESP"]
[BlackTeamCountry "ESP"]

1. e4 c5 2. Nf3 Nc6 3. Bb5 g6 4. Bxc6 bxc6 5. d4 Bg7 6. dxc5 Qa5+ 7. c3 Qxc5 8. 0-0 Nf6 9. e5 Ng4 10. Qd4 Qxd4 11. cxd4 0-0 12. h3 Nh6 13. Nc3 d6 14. Bf4 Rd8 15. Rfe1 1/2-1/2

[Event "ISR-chT"]
[Site "Israel"]
[Date "2020.02.08"]
[Round "6.1"]
[White "Klenburg, Mikhail"]
[Black "Oratovsky, Michael"]
[Result "1/2-1/2"]
[WhiteElo "2357"]
[BlackElo "2434"]
[PlyCount "38"]
[EventDate "2020.01.10"]
[EventType "team-tourn"]
[EventRounds "11"]
[EventCountry "ISR"]
[SourceTitle "CBM 194 Extra"]
[Source "ChessBase"]
[SourceDate "2020.03.31"]
[SourceVersion "1"]
[SourceVersionDate "2020.03.31"]
[SourceQuality "1"]
[WhiteTeam "Beer Sheva K"]
[BlackTeam "Petah Tikva Elitzur Maarav"]
[WhiteTeamCountry "ISR"]
[BlackTeamCountry "ISR"]

1. e4 c5 2. Nf3 e6 3. d3 Nc6 4. g3 g6 5. Bg2 Bg7 6. 0-0 Nge7 7. c3 e5 8. a3 d6 9. b4 a6 10. Nbd2 0-0 11. Bb2 h6 12. d4 exd4 13. cxd4 Bg4 14. h3 Bxf3 15. Nxf3 cxb4 16. Qd2 d5 17. exd5 Nxd5 18. Ne5 bxa3 19. Nxc6 bxc6 1/2-1/2